Direito eleitoral : (Record no. 1150)
[ view plain ]
| 000 -LÍDER | |
|---|---|
| Campo Fixo de Controle | 00800nam a2200241 a 4500 |
| 001 - NÚMERO DE CONTROLE | |
| Campo de Controle | 1150 |
| 003 - IDENTIFICAÇÃO DO NÚMERO DE CONTROLE | |
| Campo de Controle | BR-CuiBMT |
| 005 - DATA E HORA DA ÚLTIMA ATUALIZAÇÃO | |
| Campo de Controle | 20231129225422.0 |
| 008 - DADOS FIXOS | |
| Dados Fixos | 231128s2000 spba 000 0 por d |
| 020 ## - INTERNATIONAL STANDARD BOOK NUMBER | |
| Nº do ISBN | 8502031236 |
| 040 ## - AGÊNCIA CATALOGADORA | |
| Código da Agência Catalogadora | BR-CuiBMT |
| Agência que transcreveu o registro | BR-CuiBMT |
| 080 ## - Nº DA CLASSIFICAÇÃO DECIMAL UNIVERSAL | |
| Nº edição CDU | 2007 |
| Nº Class. CDU | 342.8 |
| 090 ## - NÚMERO DE CHAMADA | |
| Nº classificação | 342.8 |
| Cutter | F618d |
| 100 1# - ENTRADA PRINCIPAL -- AUTOR PESSOAL | |
| Nome pessoal | Fleury Filho, Luiz Antonio, |
| Datas associadas ao nome | 1949-2022 |
| 245 10 - TÍTULO PRINCIPAL | |
| Título principal | Direito eleitoral : |
| Subtítulo | Lei n. 9.504/97 : doutrina e jurisprudência / |
| Indicação de responsabilidade | Luiz Antonio Fleury Filho, Itapuã Prestes de Messias. |
| 260 ## - PUBLICAÇÃO, DISTRIBUIÇÃO, ETC. | |
| Local de publicação | São Paulo : |
| Editora | Saraiva, |
| Data | 2000. |
| 300 ## - DESCRIÇÃO FÍSICA | |
| N. páginas ou volumes | xii, 541 p. ; |
| Ilustrações | il. : |
| Dimensões | 21 cm |
| 504 ## - NOTA DE BIBLIOGRAFIA, ETC. | |
| Nota de bibliografia | Inclui bibliografia. |
| 650 ## - ASSUNTO TÓPICO | |
| Cabeçalho tópico ou nome geográfico | Direito eleitoral |
| Subdivisão de forma | Legislação |
| Subdivisão geográfica | Brasil |
| 650 ## - ASSUNTO TÓPICO | |
| Cabeçalho tópico ou nome geográfico | Partidos políticos |
| Subdivisão geral | Legislação |
| Subdivisão geográfica | Brasil |
| 700 1# - ENTRADA SECUNDÁRIA -- NOME PESSOAL | |
| Nome pessoal | Messias, Itapuã Prestes de |
| 942 ## - ELEMENTOS DE ENTRADA ADICIONAIS (KOHA) | |
| Fonte de classificação ou esquema de arquivamento | Classificação Decimal Universal |
| Tipo de item do Koha | Livros |
| Estado: removido | Estado: perdido | Fonte de classificação ou esquema de arquivamento | Estado: danificado | Indisponível para empréstimo | Localização permanente | Localização atual | Data de aquisição | Total Checkouts | Número de Chamada completo | Código de barras | Date last seen | Número do exemplar | Preço efetivo a partir de | Tipo de item (Koha) |
|---|---|---|---|---|---|---|---|---|---|---|---|---|---|---|
| Classificação Decimal Universal | Biblioteca da Escola Superior de Contas do TCE/MT | Biblioteca da Escola Superior de Contas do TCE/MT | 29/11/2023 | 342.8 F618d | BIBTCEMT23111342 | 29/11/2023 | Ex. 1 | 29/11/2023 | Livros |